<?xml version="1.0" encoding="UTF-8"?>
<resp>
  <nextPage>https://data.bn.org.pl/api/networks/bibs.marcxml?marc=001+b0000003248155&amp;sinceId=3248156</nextPage>
  <collection>
    <record xmlns='http://www.loc.gov/MARC21/slim'><leader>06609nam a2201537 i 4500</leader><controlfield tag='001'>b0000003248155</controlfield><controlfield tag='005'>20260516081339.6</controlfield><controlfield tag='008'>141107s2014    pl       g   |001 0 pol c</controlfield><controlfield tag='009'>9910000273505606</controlfield><datafield ind1=' ' ind2=' ' tag='015'><subfield code='a'>UWD 2014/31651</subfield></datafield><datafield ind1=' ' ind2=' ' tag='020'><subfield code='a'>9788327800800</subfield><subfield code='q'>(komplet)</subfield></datafield><datafield ind1=' ' ind2=' ' tag='020'><subfield code='a'>9788327806840</subfield><subfield code='q'>(oprawa twarda) :</subfield><subfield code='c'>zł 179</subfield></datafield><datafield ind1=' ' ind2=' ' tag='035'><subfield code='a'>(PL)b0000003248155</subfield></datafield><datafield ind1=' ' ind2=' ' tag='035'><subfield code='a'>991030486669705066</subfield></datafield><datafield ind1=' ' ind2=' ' tag='035'><subfield code='a'>(PL-WaBN)b3248155x-48omnis_nlop</subfield></datafield><datafield ind1=' ' ind2=' ' tag='035'><subfield code='a'>b3248155x</subfield></datafield><datafield ind1=' ' ind2=' ' tag='035'><subfield code='a'>xx003269300</subfield></datafield><datafield ind1=' ' ind2=' ' tag='035'><subfield code='a'>(OCoLC)899904119</subfield></datafield><datafield ind1=' ' ind2=' ' tag='040'><subfield code='a'>WA N</subfield><subfield code='c'>WA N</subfield><subfield code='d'>KIEL W</subfield><subfield code='d'>WA N</subfield></datafield><datafield ind1=' ' ind2=' ' tag='046'><subfield code='k'>2014</subfield></datafield><datafield ind1=' ' ind2=' ' tag='080'><subfield code='a'>343.13(438)</subfield></datafield><datafield ind1=' ' ind2=' ' tag='084'><subfield code='a'>01</subfield></datafield><datafield ind1='0' ind2='0' tag='245'><subfield code='a'>System prawa karnego procesowego.</subfield><subfield code='n'>[T.] 2,</subfield><subfield code='p'>Proces karny :</subfield><subfield code='b'>rozwiązania modelowe w ujęciu prawnoporównawczym /</subfield><subfield code='c'>redakcja naukowa Piotr Kruszyński ; [autorzy Hanna Gajewska-Kraczkowska, Katarzyna Girdwoyń, Justyna Głębocka, Waldemar Gontarski, Łukasz Jagiełłowicz, Aleksandra Komar-Nalepa, Piotr Kruszyński, Łukasz Malinowski, Szymon Pawelec, Dariusz Pożaroszczyk, Marcin Warchoł, Łukasz Wiśniewski].</subfield></datafield><datafield ind1='3' ind2='0' tag='246'><subfield code='a'>Proces karny :</subfield><subfield code='b'>rozwiązania modelowe w ujęciu prawnoporównawczym</subfield></datafield><datafield ind1=' ' ind2=' ' tag='260'><subfield code='a'>Warszawa :</subfield><subfield code='b'>LexisNexis,</subfield><subfield code='c'>2014.</subfield></datafield><datafield ind1=' ' ind2=' ' tag='300'><subfield code='a'>848, [8] stron ;</subfield><subfield code='c'>24 cm.</subfield></datafield><datafield ind1=' ' ind2=' ' tag='336'><subfield code='a'>Tekst</subfield><subfield code='b'>txt</subfield><subfield code='2'>rdacontent</subfield></datafield><datafield ind1=' ' ind2=' ' tag='337'><subfield code='a'>Bez urządzenia pośredniczącego</subfield><subfield code='b'>n</subfield><subfield code='2'>rdamedia</subfield></datafield><datafield ind1=' ' ind2=' ' tag='338'><subfield code='a'>Wolumin</subfield><subfield code='b'>nc</subfield><subfield code='2'>rdacarrier</subfield></datafield><datafield ind1=' ' ind2=' ' tag='380'><subfield code='a'>Książki</subfield></datafield><datafield ind1=' ' ind2=' ' tag='380'><subfield code='a'>Publikacje fachowe</subfield></datafield><datafield ind1=' ' ind2=' ' tag='380'><subfield code='a'>Publikacje naukowe</subfield></datafield><datafield ind1='1' ind2=' ' tag='388'><subfield code='a'>2001-</subfield></datafield><datafield ind1='1' ind2=' ' tag='490'><subfield code='a'>System prawa karnego procesowego ;</subfield><subfield code='v'>[t.] 2</subfield></datafield><datafield ind1=' ' ind2=' ' tag='500'><subfield code='a'>Red. całości Piotr Hofmański.</subfield></datafield><datafield ind1=' ' ind2=' ' tag='504'><subfield code='a'>Bibliografia na stronach 21-28. Indeks.</subfield></datafield><datafield ind1=' ' ind2='7' tag='650'><subfield code='a'>Postępowanie karne</subfield><subfield code='2'>DBN</subfield></datafield><datafield ind1=' ' ind2='0' tag='650'><subfield code='a'>Criminal procedure</subfield><subfield code='z'>Poland</subfield></datafield><datafield ind1=' ' ind2='0' tag='650'><subfield code='a'>Criminal procedure</subfield><subfield code='z'>France</subfield></datafield><datafield ind1=' ' ind2='0' tag='650'><subfield code='a'>Criminal procedure</subfield><subfield code='z'>Germany</subfield></datafield><datafield ind1=' ' ind2='0' tag='650'><subfield code='a'>Criminal procedure</subfield><subfield code='z'>Italy</subfield></datafield><datafield ind1=' ' ind2='0' tag='650'><subfield code='a'>Criminal procedure</subfield><subfield code='z'>Great Britain</subfield></datafield><datafield ind1=' ' ind2='0' tag='650'><subfield code='a'>Criminal procedure</subfield><subfield code='z'>Soviet Union</subfield></datafield><datafield ind1=' ' ind2='0' tag='650'><subfield code='a'>Criminal procedure</subfield></datafield><datafield ind1=' ' ind2='7' tag='651'><subfield code='a'>Polska</subfield><subfield code='2'>DBN</subfield></datafield><datafield ind1=' ' ind2='7' tag='655'><subfield code='a'>Monografia</subfield><subfield code='2'>DBN</subfield></datafield><datafield ind1=' ' ind2=' ' tag='658'><subfield code='a'>Prawo i wymiar sprawiedliwości</subfield></datafield><datafield ind1='1' ind2=' ' tag='700'><subfield code='a'>Gajewska-Kraczkowska, Hanna</subfield><subfield code='d'>(1954- )</subfield><subfield code='e'>Autor</subfield></datafield><datafield ind1='1' ind2=' ' tag='700'><subfield code='a'>Wiśniewski, Łukasz</subfield><subfield code='c'>(prawnik)</subfield><subfield code='e'>Autor</subfield></datafield><datafield ind1='1' ind2=' ' tag='700'><subfield code='a'>Warchoł, Marcin</subfield><subfield code='d'>(1980- )</subfield><subfield code='e'>Autor</subfield></datafield><datafield ind1='1' ind2=' ' tag='700'><subfield code='a'>Pożaroszczyk, Dariusz</subfield><subfield code='e'>Autor</subfield></datafield><datafield ind1='1' ind2=' ' tag='700'><subfield code='a'>Pawelec, Szymon</subfield><subfield code='e'>Autor</subfield></datafield><datafield ind1='1' ind2=' ' tag='700'><subfield code='a'>Girdwoyń, Katarzyna</subfield><subfield code='e'>Autor</subfield></datafield><datafield ind1='1' ind2=' ' tag='700'><subfield code='a'>Głębocka, Justyna</subfield><subfield code='e'>Autor</subfield></datafield><datafield ind1='1' ind2=' ' tag='700'><subfield code='a'>Gontarski, Waldemar</subfield><subfield code='e'>Autor</subfield></datafield><datafield ind1='1' ind2=' ' tag='700'><subfield code='a'>Malinowski, Łukasz</subfield><subfield code='c'>(sędzia)</subfield><subfield code='e'>Autor</subfield></datafield><datafield ind1='1' ind2=' ' tag='700'><subfield code='a'>Jagiełłowicz, Łukasz</subfield><subfield code='e'>Autor</subfield></datafield><datafield ind1='1' ind2=' ' tag='700'><subfield code='a'>Nalepa, Aleksandra</subfield><subfield code='e'>Autor</subfield></datafield><datafield ind1='1' ind2=' ' tag='700'><subfield code='a'>Kruszyński, Piotr</subfield><subfield code='d'>(1945- )</subfield><subfield code='e'>Redakcja</subfield></datafield><datafield ind1='2' ind2=' ' tag='710'><subfield code='a'>LexisNexis Polska</subfield><subfield code='e'>Wydawca</subfield><subfield code='4'>pbl</subfield></datafield><datafield ind1=' ' ind2='0' tag='830'><subfield code='a'>System prawa karnego procesowego</subfield><subfield code='v'>[t.] 2</subfield></datafield><datafield ind1=' ' ind2=' ' tag='852'><subfield code='8'>22173803050006831</subfield><subfield code='j'>1</subfield><subfield code='h'>N-1043</subfield><subfield code='b'>BuKul</subfield><subfield code='p'>1001019428</subfield><subfield code='c'>BG_CzytGl</subfield></datafield><datafield ind1=' ' ind2=' ' tag='852'><subfield code='8'>2257391930007411</subfield><subfield code='j'>1</subfield><subfield code='b'>BU</subfield><subfield code='p'>AA198852</subfield><subfield code='c'>MAGK</subfield><subfield code='z'>K/179/15</subfield></datafield><datafield ind1=' ' ind2=' ' tag='852'><subfield code='8'>22483534180005066</subfield><subfield code='j'>1</subfield><subfield code='h'>2.824.501 A</subfield><subfield code='b'>BN_PL</subfield><subfield code='p'>30001017658162</subfield><subfield code='c'>bk1</subfield></datafield><datafield ind1=' ' ind2=' ' tag='852'><subfield code='b'>48OMNIS_UOW</subfield><subfield code='8'>991014325339708831</subfield></datafield><datafield ind1=' ' ind2=' ' tag='852'><subfield code='8'>22820972120008206</subfield><subfield code='j'>1</subfield><subfield code='b'>BWPIA</subfield><subfield code='p'>PR-027765</subfield><subfield code='c'>CZYT2</subfield></datafield><datafield ind1=' ' ind2=' ' tag='852'><subfield code='8'>22120669630007669</subfield><subfield code='j'>1</subfield><subfield code='b'>WA_392_PA</subfield><subfield code='p'>18058</subfield><subfield code='c'>MNP</subfield></datafield><datafield ind1=' ' ind2=' ' tag='852'><subfield code='8'>221042999050008831</subfield><subfield code='j'>1</subfield><subfield code='h'>KKP4610 .S97 2013 t.2</subfield><subfield code='b'>5100-BUW</subfield><subfield code='p'>1001397494</subfield><subfield code='c'>10002</subfield><subfield code='z'>KKP4610 .S97 2013 t.2 egz.2,</subfield></datafield><datafield ind1=' ' ind2=' ' tag='852'><subfield code='8'>22768794550008415</subfield><subfield code='j'>1</subfield><subfield code='b'>KP</subfield><subfield code='p'>000031034739</subfield><subfield code='c'>CN</subfield><subfield code='z'>N560159</subfield></datafield><datafield ind1=' ' ind2=' ' tag='852'><subfield code='8'>22551795690005067</subfield><subfield code='j'>1</subfield><subfield code='h'>XVI-2013-Syp/II</subfield><subfield code='b'>WBP</subfield><subfield code='p'>1806081662</subfield><subfield code='c'>WBPMAG</subfield></datafield><datafield ind1=' ' ind2=' ' tag='852'><subfield code='8'>2257391990007411</subfield><subfield code='j'>1</subfield><subfield code='b'>BU</subfield><subfield code='p'>AA182187</subfield><subfield code='c'>DZKZO</subfield><subfield code='z'>K/1177/14</subfield></datafield><datafield ind1=' ' ind2=' ' tag='852'><subfield code='8'>22120669630007669</subfield><subfield code='j'>1</subfield><subfield code='b'>WA_392_PA</subfield><subfield code='p'>18133</subfield><subfield code='c'>MNP</subfield></datafield><datafield ind1=' ' ind2=' ' tag='852'><subfield code='b'>48OMNIS_KUL</subfield><subfield code='8'>991002304009706831</subfield></datafield><datafield ind1=' ' ind2=' ' tag='852'><subfield code='b'>48OMNIS_UJA</subfield><subfield code='8'>991005152539705067</subfield></datafield><datafield ind1=' ' ind2=' ' tag='852'><subfield code='8'>22329903140006926</subfield><subfield code='j'>1</subfield><subfield code='h'>63424/S</subfield><subfield code='b'>PRATORU</subfield><subfield code='p'>316000477368</subfield><subfield code='c'>CZYT_pra</subfield></datafield><datafield ind1=' ' ind2=' ' tag='852'><subfield code='b'>48OMNIS_RPL</subfield><subfield code='8'>991003719897805068</subfield></datafield><datafield ind1=' ' ind2=' ' tag='852'><subfield code='8'>22839012930008343</subfield><subfield code='j'>1</subfield><subfield code='b'>BPRAW</subfield><subfield code='p'>1101081100</subfield><subfield code='c'>80000</subfield><subfield code='z'>P.7.16.4 System</subfield></datafield><datafield ind1=' ' ind2=' ' tag='852'><subfield code='8'>2279168860005068</subfield><subfield code='j'>1</subfield><subfield code='h'>97617/N</subfield><subfield code='b'>WBP-KIELCE</subfield><subfield code='p'>387172</subfield><subfield code='c'>WYP-MAG</subfield></datafield><datafield ind1=' ' ind2=' ' tag='852'><subfield code='8'>22483534200005066</subfield><subfield code='j'>1</subfield><subfield code='h'>343 Sys</subfield><subfield code='b'>BN_PL</subfield><subfield code='p'>30001017658155</subfield><subfield code='c'>adolna</subfield></datafield><datafield ind1=' ' ind2=' ' tag='852'><subfield code='8'>221042999070008831</subfield><subfield code='j'>1</subfield><subfield code='b'>2200-WPR</subfield><subfield code='p'>1091065181</subfield><subfield code='c'>150004</subfield></datafield><datafield ind1=' ' ind2=' ' tag='852'><subfield code='8'>2257391930007411</subfield><subfield code='j'>1</subfield><subfield code='b'>BU</subfield><subfield code='p'>AA198837</subfield><subfield code='c'>MAGK</subfield><subfield code='z'>K/179/15</subfield></datafield><datafield ind1=' ' ind2=' ' tag='852'><subfield code='8'>2257391930007411</subfield><subfield code='j'>1</subfield><subfield code='b'>BU</subfield><subfield code='p'>AA198831</subfield><subfield code='c'>MAGK</subfield><subfield code='z'>K/179/15</subfield></datafield><datafield ind1=' ' ind2=' ' tag='852'><subfield code='8'>22839012910008343</subfield><subfield code='j'>1</subfield><subfield code='b'>BG</subfield><subfield code='p'>1101079791</subfield><subfield code='c'>90006</subfield><subfield code='z'>P.7.16.4 System</subfield></datafield><datafield ind1=' ' ind2=' ' tag='852'><subfield code='8'>22518468580005067</subfield><subfield code='j'>1</subfield><subfield code='h'>A 787928 II</subfield><subfield code='b'>BJ</subfield><subfield code='p'>1001951545</subfield><subfield code='c'>BJ_EGZ_A</subfield></datafield><datafield ind1=' ' ind2=' ' tag='852'><subfield code='8'>221042999050008831</subfield><subfield code='j'>1</subfield><subfield code='h'>KKP4610 .S97 2013 t.2</subfield><subfield code='b'>5100-BUW</subfield><subfield code='p'>1000922721</subfield><subfield code='c'>10002</subfield><subfield code='z'>KKP4610 .S97 2013 t.2 egz.1,</subfield></datafield><datafield ind1=' ' ind2=' ' tag='852'><subfield code='b'>48OMNIS_NLOP</subfield><subfield code='8'>991030486669705066</subfield></datafield><datafield ind1=' ' ind2=' ' tag='852'><subfield code='8'>22820972120008206</subfield><subfield code='j'>1</subfield><subfield code='b'>BWPIA</subfield><subfield code='p'>PR-027615</subfield><subfield code='c'>CZYT2</subfield></datafield><datafield ind1=' ' ind2=' ' tag='852'><subfield code='b'>48OMNIS_BPW</subfield><subfield code='8'>991053555907908207</subfield></datafield><datafield ind1=' ' ind2=' ' tag='852'><subfield code='b'>48OMNIS_UMCS</subfield><subfield code='8'>991008136209707661</subfield></datafield><datafield ind1=' ' ind2=' ' tag='852'><subfield code='8'>2279168880005068</subfield><subfield code='j'>1</subfield><subfield code='h'>89138/N/II</subfield><subfield code='b'>WBP-KIELCE</subfield><subfield code='p'>387171</subfield><subfield code='c'>WYP-MAG</subfield></datafield><datafield ind1=' ' ind2=' ' tag='852'><subfield code='b'>48OMNIS_KPS</subfield><subfield code='8'>990005703780208415</subfield></datafield><datafield ind1=' ' ind2=' ' tag='852'><subfield code='b'>48UWM_INST</subfield><subfield code='8'>990011758860107411</subfield></datafield><datafield ind1=' ' ind2=' ' tag='852'><subfield code='b'>48FAR_UGD</subfield><subfield code='8'>991000230369708343</subfield></datafield><datafield ind1=' ' ind2=' ' tag='852'><subfield code='b'>48OMNIS_NETWORK</subfield><subfield code='8'>9910000273505606</subfield></datafield><datafield ind1=' ' ind2=' ' tag='852'><subfield code='b'>48OMNIS_UKSW</subfield><subfield code='8'>991000836849707669</subfield></datafield><datafield ind1=' ' ind2=' ' tag='852'><subfield code='b'>48OMNIS_UMKWT</subfield><subfield code='8'>991008737889706926</subfield></datafield><datafield ind1=' ' ind2=' ' tag='852'><subfield code='b'>48OMNIS_UOP</subfield><subfield code='8'>990006908880108206</subfield></datafield><datafield ind1=' ' ind2=' ' tag='852'><subfield code='8'>22329903120006926</subfield><subfield code='j'>1</subfield><subfield code='h'>Dfng/***/Sys/2014</subfield><subfield code='b'>TORU</subfield><subfield code='p'>300048827304</subfield><subfield code='c'>Prawo_bg</subfield></datafield><datafield ind1=' ' ind2=' ' tag='852'><subfield code='8'>22518468600005067</subfield><subfield code='j'>1</subfield><subfield code='h'>B 623508 II</subfield><subfield code='b'>BJ</subfield><subfield code='p'>1001951546</subfield><subfield code='c'>BJ_MAG</subfield></datafield><datafield ind1=' ' ind2=' ' tag='852'><subfield code='8'>22106225670007661</subfield><subfield code='j'>1</subfield><subfield code='b'>10000</subfield><subfield code='p'>1010124677</subfield><subfield code='c'>U_BGWD_p</subfield><subfield code='z'>KKP4610 .S97 2013 t.2</subfield></datafield><datafield ind1=' ' ind2=' ' tag='852'><subfield code='8'>22106225570007661</subfield><subfield code='j'>1</subfield><subfield code='b'>700000</subfield><subfield code='p'>1009134172</subfield><subfield code='c'>U_WPA_CZ</subfield></datafield><datafield ind1=' ' ind2=' ' tag='852'><subfield code='8'>22106225600007661</subfield><subfield code='j'>1</subfield><subfield code='b'>700000</subfield><subfield code='p'>1009134451</subfield><subfield code='c'>U_WPAINP</subfield></datafield><datafield ind1=' ' ind2=' ' tag='852'><subfield code='8'>22814850990008207</subfield><subfield code='j'>1</subfield><subfield code='h'>Podr.343.1</subfield><subfield code='b'>BPW_K</subfield><subfield code='p'>BPW00399854</subfield><subfield code='c'>PODR</subfield></datafield><datafield ind1=' ' ind2=' ' tag='920'><subfield code='a'>978-83-278-0684-0 (oprawa twarda) : zł 179</subfield></datafield><datafield ind1=' ' ind2=' ' tag='920'><subfield code='a'>978-83-278-0080-0 (komplet) zł 179</subfield></datafield></record>
  </collection>
</resp>
